| 000 | 01172nam a2200313 i 4500 | ||
|---|---|---|---|
| 001 | 47799 | ||
| 003 | ES-MaACL | ||
| 005 | 20251001175512.0 | ||
| 007 | t| | ||
| 008 | 030527s2002 sp ||||0| spa j | ||
| 020 | _a84-95265-26-5 | ||
| 040 |
_aM-BN _bspa _cM-BN |
||
| 080 | _a929 Napoleón (44) III, Emperador de Francia | ||
| 080 | _a32 Napoleón (44) III, Emperador de Francia | ||
| 080 | _a929 Bismarck, Otto, Fürst von | ||
| 080 | _a32 Bismarck, Otto, Fürst von | ||
| 080 | _a321.01 | ||
| 100 | 1 |
_aBermúdez de Castro, Salvador, _d1817-1883 _928141 |
|
| 245 | 1 | 0 |
_aDel gobernante al hombre de estado / _cSalvador Bermúdez de Castro. |
| 260 |
_aMadrid : _bMinisterio de Asuntos Exteriores, Secretaría General Técnica, _c2002. |
||
| 300 |
_a148 p. ; _c25 cm. |
||
| 490 | 1 |
_aBiblioteca diplomática española. Sección Estudios ; _v24 |
|
| 600 | 0 | 4 |
_aNapoleón _bIII _cEmperador de Francia. _984912 |
| 600 | 1 | 4 |
_aBismarck, Otto, _cFürst von _929016 |
| 650 | 7 |
_aJefes de Estado _2embne _913937 |
|
| 830 | 0 | 0 |
_aBiblioteca diplomática española. _pEstudios _v24 _9179518 |
| 852 |
_aES-MaACL _jL-26376 _bR.132019 |
||
| 999 |
_c47799 _d47799 |
||